Gag:la comedia en el cine
I tiakina i:
| Kaituhi matua: | |
|---|---|
| Hōputu: | Pukapuka |
| Reo: | Pāniora |
| I whakaputaina: |
Buenos Aires
Biblos
1991
|
| Ngā marau: | |
| Ngā Tūtohu: |
Tāpirihia he Tūtohu
Kāore He Tūtohu, Me noho koe te mea tuatahi ki te tūtohu i tēnei pūkete!
|
MARC
| LEADER | 00000nam a2200000 a 4500 | ||
|---|---|---|---|
| 001 | UCQ2631 | ||
| 003 | CL-VaPUC | ||
| 008 | 980724e19910000AG |||||||||||||||||spa|d | ||
| 082 | 0 | 4 | |a 791.43 |b PEÑ |2 21 |
| 100 | 0 | |a Peña, Fernando M |e author |9 416663 | |
| 245 | 1 | 0 | |a Gag:la comedia en el cine |
| 300 | |a 142 p | ||
| 942 | |c BK | ||
| 945 | |d 19980724 00:00:00 |a mvenant | ||
| 260 | |a Buenos Aires |b Biblos |c 1991 | ||
| 650 | 0 | |a Cine |9 225706 | |
| 650 | 0 | |a Historia |9 255047 | |
| 650 | 7 | |a FORMAS Y GENEROS |2 CL-VaPUC |9 416664 | |
| 650 | 7 | |a PELICULAS COMICAS |2 CL-VaPUC |9 416665 | |
| 650 | 7 | |a SATIRAS |2 CL-VaPUC |9 416377 | |
| 651 | 0 | |a Francia |9 255157 | |
| 651 | 0 | |a Italia |9 254949 | |
| 583 | |a last modification |c 19980724 00:00:00 |k Rodrigo Vera | ||
| 999 | |c 273425 |d 273423 | ||
| 952 | |0 0 |1 0 |4 0 |6 791_430000000000000_PEÑ_1991 |7 0 |8 R |9 308965 |a BIBART |b BIBART |d 2019-11-20 |i 3445682 |o 791.43 PEÑ 1991 |p 3445682 |r 2025-03-13 |w 2019-11-20 |y BK_R |k ART | ||